00618nam a2200253 a 450000100070000000300040000700500170001100600040002800700040003200800040003601000170004004000190005704300120007605000150008808200220010310000310012524500400015626000480019630000370024450400290028165000190031065000180032965000170034742474600020150309152553.0000000000 a 80980018  aUOELcDLCdDLC af-ke---00aQK475bO4400a634.9/09676/22191 aOjiambo, J. A.q(Julia A.)14aThe trees of Kenya /cJ.A. Ojiambo. aNairobi :bKenya Literature Bureau,cc1978. ax, 105 p. :bill., map ;c22 cm. aIncludes bibliographies. 0aTimberzKenya. 0aTreeszKenya. 0aWoodzKenya.